=LDR 00000nam 2200000 4500 =001 INLIS000000000005575 =005 20130612093818 =008 ***********************************Ind** =035 ##$$0010-061300000005575 =041 ##$$a Ind =082 ##$$a 128 =090 ##$$a 128, Had j =100 ##$$a Hadi, Hardono P =245 ##$$a Jati diri manusia, Berdasarkan filsafat organisme whithead, Dr. P. Hardono Hadi =260 ##$$a 2000 $b Yogyakarta =300 ##$$a 219 hlm., 22 cm =650 ##$$a Filsafat Manusia =850 ##$$a NBPNMAT